Bytový dom

Salvato in:
Dettagli Bibliografici
Autore principale: Šebejová, Zuzana (Autore)
Altri autori: Briatka, Peter (Relatore della tesi)
Natura: Manoscritto Libro
Lingua:slovacco
Pubblicazione: 2020
Soggetti:
Accesso online:http://is.stuba.sk/zp/portal_zp.pl?podrobnosti=136625
https://opac.crzp.sk/?fn=detailBiblioForm&sid=F0D9EA643ED4040319ED131BE0B8
Tags: Aggiungi Tag
Nessun Tag, puoi essere il primo ad aggiungerne!!

MARC

LEADER 00000ntm a22000003a 4500
001 stuzp80025
003 SK-STU
005 20230523100128.4
007 ta
008 150427s2015----xo-----f-mn---000-0-slo-d
040 |a STU  |b slo 
041 0 |a slo 
100 1 |a Šebejová, Zuzana  |u 010270  |4 aut  |U SvF Stavebná fakulta  |T SvF Katedra technológie stavieb  |X 63273  |U V270  |Y 28  |7 63273 
242 0 1 |a Apartment house  |y eng 
245 1 0 |a Bytový dom 
260 |c 2020 
650 4 |a Ytong Jumbo  |2 slo 
650 4 |a rýchle murovanie  |2 slo 
650 4 |a obvodová stena  |2 slo 
650 4 |a Ytong Jumbo  |2 eng 
650 4 |a quick masonry  |2 eng 
650 4 |a perimeter wall  |2 eng 
700 1 |a Briatka, Peter  |u 010270  |k Z8  |4 ths  |U SvF Stavebná fakulta  |T SvF Katedra technológie stavieb  |X 23787  |U V270  |Y 28  |7 A000023787 
856 4 |u http://is.stuba.sk/zp/portal_zp.pl?podrobnosti=136625 
856 4 |u https://opac.crzp.sk/?fn=detailBiblioForm&sid=F0D9EA643ED4040319ED131BE0B8